Регионална библиотека "Любен Каравелов" - Русе

Кристоф Вилибалд Глук (Запис номер 116085)

MARC детайли
000 -Лидер
Контролно поле с фиксирана дължина nam a22 a 4500
003 - Код на организацията, давaща контролен номер
Контролно поле BLK
005 - Дата и час на последна редакция
Контролно поле 20220608093502.0
008 - Елементи от данни с фиксирана дължина
fixed length control field 180409b bul|||||r ||||||| ||bul||
010 ## - Наследен системен номер
LC control number KNG00121614000
040 ## - Източник на каталожния запис
Идентификатор на билиотеката - собственик на записа BLK
041 ## - Код за език
Код за езика на текст/звукозапис или на отделно заглавие Български
Код за езика КДБФ Български
080 ## - УДК
Текстов определител УДК Музиканти-творци, композитори
УДК код - определител по УДК 78.071.1
УДК определител (430)(092)
УДК - код + определител 78.071.1(430)(092)
080 ## - УДК
Текстов определител УДК Немски композитор
УДК код - определител по УДК 929 Глук, Кристоф Вилибалд
УДК - код + определител 929 Глук, Кристоф Вилибалд
100 1# - Редна дума - Автор
Автор Аберт, Ана Амалия
Авторска отговорност първи автор
R(LIN) 314512
139 ## - Редно поле
Редна дума Аберт, Ана Амалия
Авторски знак Глу - Г 56
245 10 - Сведения за заглавието
Заглавие Кристоф Вилибалд Глук
Подзаглавни данни Живот и творчество
Редно поле (дума) Ана Амалия Аберт; прев. от нем. Роз-Мари Кожухарова.
257 ## - Страна на издаване
Страна на създаване/издаване Германия
260 ## - Област на издателските данни
Име на издателя, разпространителя и проч. Наука и изкуство
Година на издаване 1966
Място на издаване, разпространение и проч. София
300 ## - Физическа характеристика
Страници 194 с.
Илюстрации и др. с ноти
Размери/Мащаб 25 см
380 ## - Жанр
Жанр Изкуство
490 ## - СЕРИИ (Колекции)
Име на серия Библиотека Световни композитори
9 (RLIN) 204949
500 ## - Общи забележки
Забележка Библиогр. с. 191-192.
600 14 - Име на лице, използвано като предмет
За него / За нея Глук, Кристоф Вилибалд
9 (RLIN) 246094
650 #4 - Допълнително описание по предмет – тема
Основно описание – тема или топоним Композитори, немски - биографии
9 (RLIN) 248173
653 ## - Ключова дума – ненормативна
Ключова дума Германия
653 ## - Ключова дума – ненормативна
Ключова дума композитори
653 ## - Ключова дума – ненормативна
Ключова дума Опера
653 ## - Ключова дума – ненормативна
Ключова дума Кристоф Вилибалд Глук
700 1# - Други автори (авторска отговорност)
Лично име Кожухарова, Роз-Мари
Автороска отговорност (Описва отношението между автора и произведението) прев. от нем.
9 (RLIN) 279397
852 ## - Местоположение
Форматна сигнатура Цб 39024
Фондова буква Хранилище
856 4# - Електронен адрес и достъп
Електронен формат pdf - файл
856 4# - Електронен адрес и достъп
Електронен формат pdf - файл
999 ## - СИСТЕМНИ КОНТРОЛНИ НОМЕРА
Koha biblionumber 116085
Koha biblioitemnumber 116085
942 ## - АРТИКУЛИ
Вид на библиотечния материал Книги
Скрит в OPAC Не
Периодичен библиозапис Да
944 ## - СЪЗДАВАНЕ И РЕДАКЦИЯ на ЗАПИСА
Създаване/Редакция Създаване
Дата на регистрацията/редакция 07.03.2011
Статус, дата на статуса добави в АБ / 02.03.2011
Служител, извършил регистрацията/редакцията Кети_Илиева
944 ## - СЪЗДАВАНЕ И РЕДАКЦИЯ на ЗАПИСА
Създаване/Редакция Редакция
Дата на регистрацията/редакция 07.03.2011
Статус, дата на статуса добави в АБ / 02.03.2011
999 ## - СИСТЕМНИ КОНТРОЛНИ НОМЕРА
Koha biblioitemnumber 116085
999 ## - СИСТЕМНИ КОНТРОЛНИ НОМЕРА
Koha biblioitemnumber 116085
Наличности
Код за отписване Код за изгубен артикул Източник на класификационната схема Код за повреда Коз за рестрикции Код за отдаване Артикулен № Име на библиотеката - собственик Име на библиотеката, в която се намира в момента Статус (Текущо местоположение) Дата на вписване в системата Местоположение - отдел Цена в лева Инвентарен номер Систематично азбучна сигнатура Баркод Номер на екземпляра Цена в евро Служебна бележка Служебен тип на артикула
  Не е изгубен Universal Decimal Classification Не е повреден само за читалня ползва се в читалня 186879 Регионална библиотека "Любен Каравелов" Русе Регионална библиотека "Любен Каравелов" Русе Хранилище 1966-01-01 Хранилище 0.51 14101/66 Цб 39024 900000098307 1 0.26 Дост: Dp Вид: Д N: стар фонд Дата: 01.01.1966 Книги
Изтеглен Не е изгубен Universal Decimal Classification Не е повреден само за читалня ползва се в читалня 186880 Регионална библиотека "Любен Каравелов" Русе Регионална библиотека "Любен Каравелов" Русе Хранилище 1966-01-01 Основен фонд - ползва се само за читалня 0.51 14405/66 Цб 39024 14405/66 2 0.26 Дост: Pk Вид: Ф N: стар фонд Дата: 01.01.1966 Дата инв: 20.06.2012 Бележки инв: * Книги
Изтеглен Не е изгубен Universal Decimal Classification Не е повреден без рестрикции заемане за дома 186881 Регионална библиотека "Любен Каравелов" Русе Регионална библиотека "Любен Каравелов" Русе Отдел Изкуство - подръчен фонд 1966-01-01 Отдел Изкуство - подръчен фонд 0.51 14406/66 78.071.1(092)/Г 56 14406/66 3 0.26 Дост: Pk Вид: Ф N: стар фонд Дата: 01.01.1966 Книги
  Не е изгубен Universal Decimal Classification Не е повреден без рестрикции заемане за дома 186882 Регионална библиотека "Любен Каравелов" Русе Регионална библиотека "Любен Каравелов" Русе Отдел Изкуство - подръчен фонд 1966-01-01 Отдел Изкуство - подръчен фонд 2.50 665319 78.071.1(092)/Г 56 120000665319 4 1.28 Дост: Pk Вид: Ф N: стар фонд Дата: 01.01.1966 Дата инв: 03.04.2017 Бележки инв: ИП2017 Книги
Vip Innovations Ltd, Rousse, Bulgaria 2025